000
00287nam a22001337a 4500
008
211018b ||||| |||| 00| 0 eng d
041
_a
eng
080
_2
5th
_a
159.9
082
_a
159.9
100
_a
48
101
_a
PSI
245
_a
Psychology and Life
_c
Ruch,F.L
942
_2
udc
_c
BK
999
_c
58247
_d
58247